Textbook of bio-organic chemistry
Salvato in:
| Autore principale: | |
|---|---|
| Natura: | Libro |
| Lingua: | inglese |
| Pubblicazione: |
Delhi: Discovery Publishers
2014
|
| Tags: |
Aggiungi Tag
Nessun Tag, puoi essere il primo ad aggiungerne!!
|
MARC
| LEADER | 00000nam a22000007a 4500 | ||
|---|---|---|---|
| 008 | 201210b ||||| |||| 00| 0 eng d | ||
| 022 | |a ISBN: 978-81-8356-832-6 | ||
| 100 | |a IQBAL, Syed Aftab | ||
| 245 | |a Textbook of bio-organic chemistry |c Syed Aftab Iqbal |g 339p, ill. | ||
| 260 | |b Delhi: Discovery Publishers |c 2014 |d BOOK |h New Delhi |i 691694 Sci., 691695 |l QP509 .Iq2 |m Bioorganic Chemistry | ||
| 942 | |a lcc |c BK |e Olagoke M A |f 10/12/2020 | ||
| 952 | |0 0 |1 0 |2 lcc |4 0 |6 QP0509 I Q2 |7 0 |9 274 |a HOL |b HOL |c QZ |d 2020-12-10 |l 0 |o QP509 .Iq2 |p 2020-2012 |r 2020-12-10 00:00:00 |w 2020-12-10 |y BK | ||
| 952 | |0 0 |1 0 |2 lcc |4 0 |7 0 |9 275 |a HOL |b SL |c QZ |d 2020-12-10 |o QP509 .Iq2 |p 2020-2013 |y BK | ||
| 999 | |c 113 |d 113 | ||